Patriot, University, Bank, or MLB Hall of Famer - A U.S. Click Quiz - Statistics

General Stats
  • This quiz has been taken 452 times
    448 since last reset
  • The average score is 18 of 32
Answer Stats
Hint Answer % Correct
JP Morgan Bank
90%
Goldman Sachs Bank
88%
Morgan Stanley Bank
85%
Johns Hopkins University
83%
Charles Schwab Bank
79%
Satchel Paige MLB Hall of Famer
76%
Nap Lajoie MLB Hall of Famer
76%
Bob Feller MLB Hall of Famer
75%
Nellie Fox MLB Hall of Famer
73%
Oral Roberts University
71%
Rogers Hornsby MLB Hall of Famer
69%
Tris Speaker MLB Hall of Famer
69%
Robin Roberts MLB Hall of Famer
68%
Josiah Bartlet Declaration of Independence Signer
64%
William Whipple Declaration of Independence Signer
59%
George Mason University
59%
Elbridge Gerry Declaration of Independence Signer
58%
Mordecai Brown MLB Hall of Famer
58%
Stephen F. Austin University
57%
Austin Peay University
51%
William Williams Declaration of Independence Signer
49%
Button Gwinnett Declaration of Independence Signer
48%
Arthur Middleton Declaration of Independence Signer
47%
Raymond James Bank
46%
Robert Morris University
42%
Caesar Rodney Declaration of Independence Signer
38%
Samuel Chase Declaration of Independence Signer
38%
George Washington University
32%
John Deere Bank
27%
Hancock Whitney Bank
23%
Roger Williams University
23%
Cullen Frost Bank
14%
No matching quizzes found
Score Distribution
Percent of People with Each Score
Percentile by Number Answered
Your Score History
You have not taken this quiz since the last reset